<?xml version="1.0" encoding="UTF-8"?>
<marc:record xmlns:marc="http://www.loc.gov/MARC21/slim">
   <marc:leader>00000nam a2200000 a 4500</marc:leader>
   <marc:datafield ind1="1" ind2=" " tag="100">
      <marc:subfield code="a">Perner, Rotraud A.</marc:subfield>
      <marc:subfield code="4">aut</marc:subfield>
      <marc:subfield code="e">Verfasser/-in</marc:subfield>
   </marc:datafield>
   <marc:datafield ind1=" " ind2=" " tag="653">
      <marc:subfield code="a">Gesellschaftskritik</marc:subfield>
   </marc:datafield>
   <marc:datafield ind1=" " ind2=" " tag="653">
      <marc:subfield code="a">Sozialpsychologie</marc:subfield>
   </marc:datafield>
   <marc:datafield ind1="0" ind2="0" tag="245">
      <marc:subfield code="a">Die reuelose Gesellschaft</marc:subfield>
   </marc:datafield>
   <marc:datafield ind1="0" ind2="0" tag="245">
      <marc:subfield code="c">Perner, Rotraud A.</marc:subfield>
   </marc:datafield>
   <marc:datafield ind1=" " ind2="1" tag="264">
      <marc:subfield code="a">St. Pölten [u.a.]</marc:subfield>
      <marc:subfield code="b">Residenz-Verl.</marc:subfield>
      <marc:subfield code="c">2013</marc:subfield>
   </marc:datafield>
   <marc:datafield ind1="1" ind2=" " tag="520">
      <marc:subfield code="a">Von der Juristin und Psychotherapeutin ist man keine leichte Kost gewohnt Hier macht sie im großen Stil in kritischer Zeitdiagnostik: Korrektheit, Verlässlichkeit, Wahrhaftigkeit, die Bausteine der körperlichen und seelischen Gesundheit, seien dem modernen Menschen abhanden gekommen. An die Stelle von Verantwortungsgefühl und Unrechtsbewusstsein sei "Seelenvergiftung" getreten; Gier und Geiz, Betrug und Gewalt, Neid, Hochmut und verkommene Sexualmoral, die 7 biblischen Todsünden seien die 7 "großen psychiatrischen Erkrankungen" der Zeit. Jede von ihnen trage spezifische Züge der Lüge: "Man verleugnet vor sich selbst, dass man Sklave seiner unbedachten Impulse ist". Wie immer in einem "Vergiftungszustand" helfe der Entzug.</marc:subfield>
   </marc:datafield>
   <marc:datafield ind1=" " ind2=" " tag="020">
      <marc:subfield code="a">9783701733170</marc:subfield>
      <marc:subfield code="9">9783701733170</marc:subfield>
   </marc:datafield>
   <marc:datafield ind1=" " ind2=" " tag="020">
      <marc:subfield code="a">3701733171</marc:subfield>
      <marc:subfield code="9">3701733171</marc:subfield>
   </marc:datafield>
   <marc:datafield ind1=" " ind2=" " tag="041">
      <marc:subfield code="a">ger</marc:subfield>
   </marc:datafield>
   <marc:datafield ind1=" " ind2=" " tag="338">
      <marc:subfield code="a">Band</marc:subfield>
   </marc:datafield>
   <marc:datafield ind1=" " ind2=" " tag="300">
      <marc:subfield code="a">254 S.</marc:subfield>
   </marc:datafield>
</marc:record>
